Palanyag to Paranaque : (Record no. 18781)
[ view plain ]
| 000 -LEADER | |
|---|---|
| fixed length control field | 00665nam a22002057a 4500 |
| 003 - CONTROL NUMBER IDENTIFIER | |
| control field | OSt |
| 005 - DATE AND TIME OF LATEST TRANSACTION | |
| control field | 20140310183105.0 |
| 008 - FIXED-LENGTH DATA ELEMENTS--GENERAL INFORMATION | |
| fixed length control field | 130305t xxu||||| |||| 00| 0 eng d |
| 050 ## - LIBRARY OF CONGRESS CALL NUMBER | |
| Classification number | DS 689.P37 |
| Item number | .B39 2001 |
| 082 ## - DEWEY DECIMAL CLASSIFICATION NUMBER | |
| Classification number | DS 689 P37 |
| Item number | B39 2001 |
| 100 ## - MAIN ENTRY--PERSONAL NAME | |
| Personal name | Baybay, Dulce Festin. |
| 245 ## - TITLE STATEMENT | |
| Title | Palanyag to Paranaque : |
| Remainder of title | a history |
| Statement of responsibility, etc | Dulce Festin Baybay with the photography & digital imaging technology of Ariel Marquez-de Guzman |
| 260 ## - PUBLICATION, DISTRIBUTION, ETC. (IMPRINT) | |
| Place of publication, distribution, etc | Paranaque City : |
| Name of publisher, distributor, etc | City of Paranaque, |
| Date of publication, distribution, etc | 2001. |
| 300 ## - PHYSICAL DESCRIPTION | |
| Extent | 329 p. : |
| Dimensions | 30 cm. |
| 650 ## - SUBJECT ADDED ENTRY--TOPICAL TERM | |
| Topical term or geographic name as entry element | Paranaque City (Philippines) |
| General subdivision | History |
| 942 ## - ADDED ENTRY ELEMENTS (KOHA) | |
| Source of classification or shelving scheme | Library of Congress Classification |
| Koha item type | Books |
| Call number prefix | Local |
| Withdrawn status | Lost status | Source of classification or shelving scheme | Damaged status | Home library | Current library | Shelving location | Date acquired | Source of acquisition | Total Checkouts | Full call number | Barcode | Date last seen | Copy number | Price effective from | Koha item type | Date checked out |
|---|---|---|---|---|---|---|---|---|---|---|---|---|---|---|---|---|
| Library of Congress Classification | Archives | Archives | 03/05/2013 | Donation | DS 689.P37 .B39 2001 | C15122 | 05/08/2018 | 1 | 03/10/2014 | Books | ||||||
| Library of Congress Classification | College Library | College Library | Filipiniana Section | 12/14/2013 | DS 689.P37 .B39 2001 | C15123 | 05/08/2018 | 2 | 12/14/2013 | Books | ||||||
| Library of Congress Classification | College Library | College Library | Filipiniana Section | 12/14/2013 | 1 | DS 689.P37 .B39 2001 | C15124 | 11/16/2023 | 3 | 12/14/2013 | Books | 11/13/2023 |